<?xml version="1.0" encoding="UTF-8"?><?xml-stylesheet type="text/xsl" href="static/style.xsl"?><OAI-PMH xmlns="http://www.openarchives.org/OAI/2.0/" xmlns:xsi="http://www.w3.org/2001/XMLSchema-instance" xsi:schemaLocation="http://www.openarchives.org/OAI/2.0/ http://www.openarchives.org/OAI/2.0/OAI-PMH.xsd"><responseDate>2026-04-17T13:54:23Z</responseDate><request verb="GetRecord" identifier="oai:www.recercat.cat:2117/386172" metadataPrefix="marc">https://recercat.cat/oai/request</request><GetRecord><record><header><identifier>oai:recercat.cat:2117/386172</identifier><datestamp>2025-07-17T15:13:29Z</datestamp><setSpec>com_2072_1033</setSpec><setSpec>col_2072_452951</setSpec></header><metadata><record xmlns="http://www.loc.gov/MARC21/slim" xmlns:dcterms="http://purl.org/dc/terms/" xmlns:xsi="http://www.w3.org/2001/XMLSchema-instance" xmlns:doc="http://www.lyncode.com/xoai" xsi:schemaLocation="http://www.loc.gov/MARC21/slim http://www.loc.gov/standards/marcxml/schema/MARC21slim.xsd">
   <leader>00925njm 22002777a 4500</leader>
   <datafield ind2=" " ind1=" " tag="042">
      <subfield code="a">dc</subfield>
   </datafield>
   <datafield ind2=" " ind1=" " tag="720">
      <subfield code="a">Fernández De Villalta Canals, Eduardo</subfield>
      <subfield code="e">author</subfield>
   </datafield>
   <datafield ind2=" " ind1=" " tag="260">
      <subfield code="c">2022-10-24</subfield>
   </datafield>
   <datafield ind2=" " ind1=" " tag="520">
      <subfield code="a">Actualment, la nostra societat es basa en el traspàs d'informació i és Internet el causant amb més pes d'aconseguir un món plenament globalitzat. Aquest treball tracta sobre la transmissió de dades via WiFi i dades mòbils a una base de dades implementada a una màquina virtual a un servidor de la UPC. Per aconseguir-ho, s'han utilitzat dues plaques Arduino enllaçades amb un sensor ultrasònic i un fotoresitor. La primera placa emprada ha estat la MKR WiFi 1010, que és la que s'encarrega de la connectivitat WiFi i la segona ha estat la placa MKR GSM 1400, que és la que permet la connexió mitjançant dades mòbils. Finalment, atès que aquest projecte desenvolupa un servei, s'ha dut a terme la simulació de la creació d'un negoci anomenat "YourData" que ofereix els seus serveis a través d'una web informativa.</subfield>
   </datafield>
   <datafield ind2=" " ind1=" " tag="520">
      <subfield code="a">Currently our society is based on the transfer of information and the Internet is the main cause of achieving a fully globalized world. This work deals with the transmission of data via WiFi and mobile data to a database implemented in a virtual machine at a server in the UPC. To achieve this, two Arduino boards linked with an ultrasonic sensor and a photoresistor sensor have been used. The first board used was the MKR WiFi 1010, which is the responsible for WiFi connectivity, and the second one was the MKR GSM 1400 board, which is the one that allows connection via mobile data. In addition, since this project develops a service, the simulation of the creation of a company called "YourData" has been carried out, which offers its services through an informative website.</subfield>
   </datafield>
   <datafield ind2=" " ind1=" " tag="520">
      <subfield code="a">Actualmente, nuestra sociedad se basa en el traspaso de información y es Internet el mayor causante de lograr un mundo plenamente globalizado. Este trabajo trata sobre la transmisión de datos vía WiFi y datos móviles a una base de datos implementada en una máquina virtual en un servidor de la UPC. Para lograrlo, se han utilizado dos placas Arduino enlazadas con un sensor ultrasónico y uno fotorresistor. La primera placa empleada ha sido la MKR WiFi 1010, que es la que se encarga de la conectividad WiFi y la segunda ha sido la placa MKR GSM 1400, que es la que permite la conexión mediante datos móviles. Finalmente, dado que este proyecto desarrolla un servicio, se ha llevado a cabo la simulación de la creación de un negocio llamado "YourData" el cual ofrece sus servicios a través de una web informativa.</subfield>
   </datafield>
   <datafield tag="653" ind2=" " ind1=" ">
      <subfield code="a">Àrees temàtiques de la UPC::Enginyeria de la telecomunicació::Processament del senyal::Processament del senyal en les telecomunicacions</subfield>
   </datafield>
   <datafield tag="653" ind2=" " ind1=" ">
      <subfield code="a">Computer programming</subfield>
   </datafield>
   <datafield tag="653" ind2=" " ind1=" ">
      <subfield code="a">Robotics</subfield>
   </datafield>
   <datafield tag="653" ind2=" " ind1=" ">
      <subfield code="a">Information storage and retrieval systems</subfield>
   </datafield>
   <datafield tag="653" ind2=" " ind1=" ">
      <subfield code="a">Programming</subfield>
   </datafield>
   <datafield tag="653" ind2=" " ind1=" ">
      <subfield code="a">Robotics</subfield>
   </datafield>
   <datafield tag="653" ind2=" " ind1=" ">
      <subfield code="a">Autonomous data collection systems</subfield>
   </datafield>
   <datafield tag="653" ind2=" " ind1=" ">
      <subfield code="a">Programación</subfield>
   </datafield>
   <datafield tag="653" ind2=" " ind1=" ">
      <subfield code="a">Robótica</subfield>
   </datafield>
   <datafield tag="653" ind2=" " ind1=" ">
      <subfield code="a">Sistemas de recopilación de datos autonómicos</subfield>
   </datafield>
   <datafield tag="653" ind2=" " ind1=" ">
      <subfield code="a">Programació (Ordinadors)</subfield>
   </datafield>
   <datafield tag="653" ind2=" " ind1=" ">
      <subfield code="a">Robòtica</subfield>
   </datafield>
   <datafield tag="653" ind2=" " ind1=" ">
      <subfield code="a">Sistemes de recopilació automàtica de dades</subfield>
   </datafield>
   <datafield tag="653" ind2=" " ind1=" ">
      <subfield code="a">Programació (Ordinadors)</subfield>
   </datafield>
   <datafield tag="653" ind2=" " ind1=" ">
      <subfield code="a">Robòtica</subfield>
   </datafield>
   <datafield tag="653" ind2=" " ind1=" ">
      <subfield code="a">Informació -- Sistemes d'emmagatzematge i recuperació</subfield>
   </datafield>
   <datafield ind2="0" ind1="0" tag="245">
      <subfield code="a">Data transmission via wifi and mobile data to a database using Arduino</subfield>
   </datafield>
</record></metadata></record></GetRecord></OAI-PMH>